=LDR 00000nam 2200000 4500 =001 INLIS000000000022948 =005 20130612121643 =008 ***********************************Ind** =035 ##$$0010-061300000022948 =041 ##$$a Ind =082 ##$$a 638.16 =090 ##$$a 638.16, Mur-m =100 ##$$a Murtiyo, Bambang Agus =245 ##$$a Memelihara lebah madu, Bambang Agus murtidjo =260 ##$$a 1991 $b Yogyakarta =300 ##$$a 64 hlm., ilus., 21 cm =650 ##$$a Lebah madu-pelihara =850 ##$$a NBPNMAT